| 000 | 00829cam a2200253 i 4500 | ||
|---|---|---|---|
| 001 | 8099 | ||
| 003 | BD-RjUL | ||
| 005 | 20211208234525.0 | ||
| 008 | 140116s1974 bg b 000 0 eng d | ||
| 035 | _a(BD-RjUL)8144 | ||
| 040 |
_aDLC _cDLC _d(BD-RjUL) _beng |
||
| 041 | _aeng | ||
| 082 | 0 | 0 |
_a332.154 _bALP |
| 100 | 1 |
_aAlam, Ahmed Fakhrul. _925258 |
|
| 245 | 1 | 0 |
_aProblems of export financing in Bangladesh / _cAhmed Fakhrul Alam, project leader ; M. Habibullah, project supervisor. |
| 260 |
_a[Dacca] : _bBureau of Economic Research, University of Dacca, _c1974. |
||
| 300 |
_aiv ,185, p. ; _c22 cm. |
||
| 504 | _aBibliography: p. [i]-iv. | ||
| 650 | 0 |
_aExports _zBangladesh _xFinance. _925259 |
|
| 650 | 0 |
_aForeign trade promotion _zBangladesh. _925260 |
|
| 942 |
_2ddc _cBK |
||
| 999 |
_c8099 _d8099 |
||